Szczegóły MARC21

Ekonomika zdrowia : [teoria i praktyka] /

003 -Nazwa inst., której nr kontr. jest w polu 001 [,]
    • @
    • Nazwa instytucji, której n kontrolny jest w polu 001
    • NUKAT
005 -DATA I CZAS OSTATNIEJ MODYFIKACJI [,]
    • @
    • pole kontrolne
    • 20250315142836.0
020 -Międzynarod. znormalizowany nr książki - ISBN [ , ]
    • a
    • Numer ISBN
    • 8301132957 Find
040 -Instytucja sporządzająca opis [ , ]
    • a
    • Instytucja, która sporządziła opis (NP)
    • TOR U/AP
    • c
    • Instytucja, która sporządziła rekord (NP)
    • TOR U/AP
    • d
    • Instytucja, która zmodyfikowała rekord (P)
    • TOR U/AP
    • d
    • Instytucja, która zmodyfikowała rekord (P)
    • KR 93/BJs
    • d
    • Instytucja, która zmodyfikowała rekord (P)
    • KR U/42GZ
041 -Język dokumentu [1, ]
    • a
    • Język tekstu (P)
    • polski
    • h
    • Język tekstu oryginalnego i/lub pośredniego (P)
    • angielski
942 -Rodzaj dokumentu [ , ]
    • c
    • Rodzaj dokumentu
    • Książka
100 -Hasło główne - nazwa osobowa [1, ]
    • a
    • Nazwa osobowa (NP)
    • Getzen, Thomas E.
    • 9
    • KHW
    • 54180
245 -Strefa tytułu i oznaczenia odpowiedzialności [1,0]
    • a
    • Tytuł
    • Ekonomika zdrowia : Find
    • b
    • Ciąg dalszy tytułu (NP)
    • [teoria i praktyka] / Find
    • c
    • Pozostałe elementy strefy tytułu i oznaczenia odpowiedzialności (NP)
    • Thomas E. Getzen ; red. nauk. Katarzyna Tymowska ; przekł. Małgorzata Jakubiak, Tomasz Żukowski.
246 -Wariant tytułu [1, ]
    • i
    • Tekst wyświetlany na ekranie monitora (NP)
    • Tyt. oryg.:
    • a
    • Tytuł (NP)
    • Health economics
260 -Strefa adresu wydawniczego [ , ]
    • a
    • Miejsce wydania (P)
    • Warszawa :
    • b
    • Nazwa wydawcy (P)
    • Wydaw. Naukowe PWN,
    • c
    • Data wydania (P)
    • 2000.
300 -Strefa opisu fizycznego [ , ]
    • a
    • Określenie formy książki i/lub objętość (NP)
    • 510, [1] s. :
    • b
    • Oznaczenie ilustracji (NP)
    • il. ;
    • c
    • Format (NP)
    • 24 cm.
336 -Typ zawartości [ , ]
    • a
    • Termin opisujący typ zawartości
    • Tekst
    • b
    • Kod określający zawartość
    • txt
    • 2
    • Źródło (terminu i kodu)
    • rdacontent
337 -Typ mediów [ , ]
    • a
    • Tryb odtwarzania
    • Bez urządzenia pośredniczącego
    • b
    • Kod typu mediów
    • n
    • 2
    • Źródło (terminu i kodu)
    • rdamedia
338 -Typ/rodzaj nośnika [ , ]
    • a
    • Hasło opisujące typ nośnika
    • Wolumin
    • b
    • Kod typu nośnika
    • nc
    • 2
    • Źródło (terminu i kodu)
    • rdacarrier
504 -Uwaga dot. bibliogr. załącznikowej [ , ]
    • a
    • Uwaga dot. bibliografii załącznikowej
    • Bibliogr. przy rozdz.
536 -Uwaga dot. finansowania książki [ , ]
    • a
    • Tekst uwagi
    • Tytuł dotowany przez Ministra Edukacji Narodwej
080 -Uniwersalna Klasyfikacja Dziesiętna [ , ]
    • a
    • Symbol klasyfikacji
    • 614.2.003(07)
650 -Hasło przedmiotowe [ ,7]
    • a
    • Hasło przedmiotowe
    • Ekonomika zdrowia.
    • 2
    • Źródło terminu
    • kaba
    • 9
    • KHW
    • 149509
650 -Hasło przedmiotowe [ ,7]
    • a
    • Hasło przedmiotowe
    • Opieka medyczna
    • x
    • Określnik rzeczowy
    • koszt.
    • 2
    • Źródło terminu
    • kaba
    • 9
    • KHW
    • 122430
650 -Hasło przedmiotowe [ ,7]
    • a
    • Hasło przedmiotowe
    • Przepływy finansowe.
    • 2
    • Źródło terminu
    • kaba
    • 9
    • KHW
    • 126608
980 -Symbol UKD [ , ]
    • a
    • UKD
    • 614.2.003(07)
700 -Hasło dodatkowe - nazwa osobowa [1, ]
    • a
    • Nazwa osobowa (NP)
    • Tymowska, Katarzyna. Find
    • e
    • Określenie rodzaju współpracy
    • Red.
    • 9
    • KHW
    • 54182
700 -Hasło dodatkowe - nazwa osobowa [1, ]
    • a
    • Nazwa osobowa (NP)
    • Jakubiak, Małgorzata. Find
    • e
    • Określenie rodzaju współpracy
    • Tł.
    • 9
    • KHW
    • 54181
700 -Hasło dodatkowe - nazwa osobowa [1, ]
    • a
    • Nazwa osobowa (NP)
    • Żukowski, Tomasz Find
    • c
    • Dopowiedzenie inne niż daty biograficzne (NP)
    • (tłumacz).
    • e
    • Określenie rodzaju współpracy
    • Tł.
    • 9
    • KHW
    • 54183
710 -Hasło dodatkowe - nazwa ciała zbiorowego [2, ]
    • a
    • Nazwa ciała zbiorowego lub nazwa geograficzna jako pierwszy element (NP)
    • Wydawnictwo Naukowe PWN.
    • 4
    • Kod relacji
    • pbl
    • 9
    • KHW
    • 52648
920 -ISBN [ , ]
    • a
    • ISBN
    • 83-01-13295-7 Find
Status udost. Numer inwentarzowy Sygnatura Lokalizacja Data inwentaryzacji
-2E.67773 BE2001-06-13
-3S.88177 BE2001-08-30
1Z.97685Z.97685BG2001-08-30
-3WM.663WM.663BG2003-03-12
-3WM.1324WM.663BG2003-12-02
-2T.8321T.8321T2004-12-21
-3TM.9585 T2013-11-28